<?xml version="1.0" encoding="UTF-8"?><?xml-stylesheet type="text/xsl" href="static/style.xsl"?><OAI-PMH xmlns="http://www.openarchives.org/OAI/2.0/" xmlns:xsi="http://www.w3.org/2001/XMLSchema-instance" xsi:schemaLocation="http://www.openarchives.org/OAI/2.0/ http://www.openarchives.org/OAI/2.0/OAI-PMH.xsd"><responseDate>2026-04-18T08:21:08Z</responseDate><request verb="GetRecord" identifier="oai:www.recercat.cat:2117/380639" metadataPrefix="marc">https://recercat.cat/oai/request</request><GetRecord><record><header><identifier>oai:recercat.cat:2117/380639</identifier><datestamp>2025-07-22T21:45:54Z</datestamp><setSpec>com_2072_1033</setSpec><setSpec>col_2072_452951</setSpec></header><metadata><record xmlns="http://www.loc.gov/MARC21/slim" xmlns:dcterms="http://purl.org/dc/terms/" xmlns:xsi="http://www.w3.org/2001/XMLSchema-instance" xmlns:doc="http://www.lyncode.com/xoai" xsi:schemaLocation="http://www.loc.gov/MARC21/slim http://www.loc.gov/standards/marcxml/schema/MARC21slim.xsd">
   <leader>00925njm 22002777a 4500</leader>
   <datafield ind2=" " ind1=" " tag="042">
      <subfield code="a">dc</subfield>
   </datafield>
   <datafield ind2=" " ind1=" " tag="720">
      <subfield code="a">Hernández Plaza, Nicolás</subfield>
      <subfield code="e">author</subfield>
   </datafield>
   <datafield ind2=" " ind1=" " tag="260">
      <subfield code="c">2022-07-06</subfield>
   </datafield>
   <datafield ind2=" " ind1=" " tag="520">
      <subfield code="a">Nowadays, web security has become something indispensable when working with the Internet, whether to protect business databases, establish communications, etc. With the aim of creating teaching material, I have created some laboratory sessions and documented several issues related to the ?OWASP (Open Web Application Security Project) top 10 vulnerabilities?. As a method, a systematic review o information in a large number of reliable Internet resources has been carried out, and several laboratory exercises has been created. As a result a large amount of teaching material including some exercises has been created about different themes, mianly: JWT (JSON Web Tokens), JKUs (JWK Set URL) and JWKs (JSON Web Keys); Cookies, XSS Attacks (Cross Site Scripting). As a conclusion, this project collects information about different topics related to web security, and the exploitation of some vulnerabilities. With all this material, students can get a solid base on this topics and see the performance of some of this attacks.</subfield>
   </datafield>
   <datafield ind2=" " ind1=" " tag="520">
      <subfield code="a">En la actualidad, la seguridad web se ha convertido en algo indispensable a la hora de trabajar con Internet, ya sea para proteger bases de datos empresariales, establecer comunicaciones, etc. Con el objetivo de crear material docente, he creado algunas sesiones de laboratorio y documentado varios problemas relacionados con el 'Top 10 de vulnerabilidades de OWASP'. Como método se ha llevado a cabo una revisión sistemática de la información en un gran número de recursos fiables de Internet y se han creado varios ejercicios de laboratorio. Como resultado se ha creado una gran cantidad de material didáctico que incluye algunos ejercicios sobre diferentes temas, principalmente: JWT (JSON Web Tokens), JKUs (JWK Set URL) y JWKs (JSON Web Keys); Cookies, Ataques XSS (Cross Site Scripting). Como conclusión, este proyecto recopila información sobre diferentes temas relacionados con la seguridad web y la explotación de algunas vulnerabilidades. Con todo este material, los estudiantes pueden obtener una base sólida sobre estos temas y ver el rendimiento de algunos de estos ataques.</subfield>
   </datafield>
   <datafield ind2=" " ind1=" " tag="520">
      <subfield code="a">En l'actualitat, la seguretat web s'ha convertit en una cosa indispensable per treballar amb Internet, ja sigui per a protegir les bases de dades empresarials, establir comunicacions, etc. Amb l'objectiu de crear material docent, he creat algunes sessions de laboratori i documentat diversos temes relacionats amb «OWASP (Open Web Application Security Project) top 10 vulnerabilitats». Com a mètode, s'ha dut a terme una revisió sistemàtica de la informació en un gran nombre de recursos d'Internet fiables, i s'han creat diversos exercicis de laboratori. Com a resultat, s'ha creat una gran quantitat de material docent que inclou alguns exercicis sobre diferents temes, principalment: JWT (JSON Web Tokens), JKUs (JWK Set URL) i JWKs (JSON Web Keys); Cookies, atacs XSS (Cross Site Scripting). Com a conclusió, aquest projecte recopila informació sobre diferents temes relacionats amb la seguretat web i l'explotació d'algunes vulnerabilitats. Amb tot aquest material, els estudiants poden obtenir una base sòlida en aquests temes i veure com es portem a terme alguns d'aquests atacs.</subfield>
   </datafield>
   <datafield tag="653" ind2=" " ind1=" ">
      <subfield code="a">Àrees temàtiques de la UPC::Informàtica::Seguretat informàtica</subfield>
   </datafield>
   <datafield tag="653" ind2=" " ind1=" ">
      <subfield code="a">Computer security--Problems, exercices, etc.</subfield>
   </datafield>
   <datafield tag="653" ind2=" " ind1=" ">
      <subfield code="a">OWASP Top 10</subfield>
   </datafield>
   <datafield tag="653" ind2=" " ind1=" ">
      <subfield code="a">Vulnerabilities</subfield>
   </datafield>
   <datafield tag="653" ind2=" " ind1=" ">
      <subfield code="a">Cookies</subfield>
   </datafield>
   <datafield tag="653" ind2=" " ind1=" ">
      <subfield code="a">XSS Attacks</subfield>
   </datafield>
   <datafield tag="653" ind2=" " ind1=" ">
      <subfield code="a">Vulnerabilidades</subfield>
   </datafield>
   <datafield tag="653" ind2=" " ind1=" ">
      <subfield code="a">Cookies</subfield>
   </datafield>
   <datafield tag="653" ind2=" " ind1=" ">
      <subfield code="a">Ataques XSS</subfield>
   </datafield>
   <datafield tag="653" ind2=" " ind1=" ">
      <subfield code="a">Seguretat informàtica--Problemes, exercicis, etc.</subfield>
   </datafield>
   <datafield ind2="0" ind1="0" tag="245">
      <subfield code="a">State-of-the art teaching material of the OWASP Top 10</subfield>
   </datafield>
</record></metadata></record></GetRecord></OAI-PMH>